| 000 | 00642nam a22001937a 4500 | ||
|---|---|---|---|
| 999 |
_c7075 _d7075 |
||
| 003 | OSt | ||
| 005 | 20210901134613.0 | ||
| 008 | 210901b ||||| |||| 00| 0 eng d | ||
| 020 | _a0131292544 | ||
| 040 | _cDDC | ||
| 082 | _a2000/17127 | ||
| 100 |
_aParry,Robert W. ;Bassow,Herb; Merrill,Phyllis; Tellefsen,Robert L. _914569 |
||
| 245 |
_aChemistry Experimental Foundations _cEdited by Parry,Robert W. ;Bassow,Herb; Merrill,Phyllis; and Tellefsen,Robert L. |
||
| 260 |
_aUSA _bPrentice Hall International _c1982 |
||
| 300 |
_a672p; _bill _c25cm |
||
| 504 | _aIncludes; Glossary and index | ||
| 650 |
_aChemistry _9797 |
||
| 942 |
_2ddc _cO_SHELF |
||